Itogi nauki i tekhniki. (Record no. 1817)

MARC details
000 -LEADER
fixed length control field 01933cas a2200481 a 4500
001 - CONTROL NUMBER
control field data
005 - DATE AND TIME OF LATEST TRANSACTION
control field 20260322212119.0
008 - FIXED-LENGTH DATA ELEMENTS--GENERAL INFORMATION
fixed length control field data
010 ## - LIBRARY OF CONGRESS CONTROL NUMBER
LC control number 92645607
015 ## - NATIONAL BIBLIOGRAPHY NUMBER
National bibliography number 01605511X
Source dnb
016 7# - NATIONAL BIBLIOGRAPHIC AGENCY CONTROL NUMBER
Record control number 1074431-9
Source DE-600
022 ## - INTERNATIONAL STANDARD SERIAL NUMBER
International Standard Serial Number 0236-3127
023 0# - CLUSTER ISSN
Cluster ISSN 0236-3127
029 1# - OTHER SYSTEM CONTROL NUMBER (OCLC)
OCLC library identifier AU@
System control number 000025650778
030 ## - CODEN DESIGNATION
CODEN INTVE3
035 ## - SYSTEM CONTROL NUMBER
System control number (OCoLC)27063745
040 ## - CATALOGING SOURCE
Original cataloging agency DLC
Language of cataloging eng
Transcribing agency DLC
Modifying agency OCLCQ
-- OCLCQ
-- GBVCP
-- OCLCO
-- OCLCQ
-- OCLCF
-- WAU
-- OCLCL
-- OCLCQ
042 ## - AUTHENTICATION CODE
Authentication code pcc
050 00 - LIBRARY OF CONGRESS CALL NUMBER
Classification number QA76
Item number .I827
245 00 - TITLE STATEMENT
Title Itogi nauki i tekhniki.
Name of part/section of a work Serii͡a Vychislitelʹnye nauki /
Statement of responsibility, etc. Gosudarstvennyĭ komitet SSSR po nauke i tekhnike, Akademii͡a nauk SSSR, Vsesoi͡uznyĭ institut nauchnoĭ i tekhnicheskoĭ informat͡sii.
246 30 - VARYING FORM OF TITLE
Title proper/short title Serii͡a Vychislitelʹnye nauki
246 30 - VARYING FORM OF TITLE
Title proper/short title Vychislitelʹnye nauki
246 14 - VARYING FORM OF TITLE
Title proper/short title Itogi nauki i tekhniki.
Name of part/section of a work Vychislitelʹnye nauki
260 ## - PUBLICATION, DISTRIBUTION, ETC.
Place of publication, distribution, etc. Moskva :
Name of publisher, distributor, etc. VINITI
300 ## - PHYSICAL DESCRIPTION
Extent v. :
Other physical details ill. ;
Dimensions 22 cm.
310 ## - CURRENT PUBLICATION FREQUENCY
Current publication frequency Irregular
362 1# - DATES OF PUBLICATION AND/OR SEQUENTIAL DESIGNATION
Dates of publication and/or sequential designation Began in 1989.
588 ## - SOURCE OF DESCRIPTION NOTE
Source of description note Description based on: Vyp. 6, published in 1991.
590 ## - LOCAL NOTE (RLIN)
Local note SERBIB/SERLOC merged record
650 #0 - SUBJECT ADDED ENTRY--TOPICAL TERM
Topical term or geographic name entry element Computer science.
650 #7 - SUBJECT ADDED ENTRY--TOPICAL TERM
Topical term or geographic name entry element Computer science.
Source of heading or term fast
Authority record control number or standard number (OCoLC)fst00872451
710 2# - ADDED ENTRY--CORPORATE NAME
Corporate name or jurisdiction name as entry element Vsesoi͡uznyĭ institut nauchnoĭ i tekhnicheskoĭ informat͡sii (Soviet Union)
Real World Object URI https://id.oclc.org/worldcat/entity/E39QH7JmrT7fRfb6M3wRJftrY6
776 08 - ADDITIONAL PHYSICAL FORM ENTRY
Relationship information Online version:
Title Itogi nauki i tekhniki. Serii͡a Vychislitelʹnye nauki
Record control number (OCoLC)609477324
890 ## -
-- Itogi nauki i tekhniki. Serii͡a Vychislitelʹnye nauki.
-- 92-645607
906 ## - LOCAL DATA ELEMENT F, LDF (RLIN)
a 7
b cbc
c serials
d 3
e ncip
f 19
g n-oclcserc
920 ## -
-- Keep 1
991 ## -
-- c-GenColl
-- QA76
-- .I827
-- SERIALS
991 ## -
-- c-GenColl
-- QA76
-- .I827
-- 00033911488
-- Copy 1
-- 3-4 * 1990
-- CCF
991 ## -
-- c-GenColl
-- QA76
-- .I827
-- 00034669016
-- Copy 1
-- 6-8 * 1991
-- CCF
992 ## -
-- EurRR
-- SERLOC
Holdings
Withdrawn status Lost status Damaged status Not for loan Home library Current library Shelving location Date acquired Total checkouts Full call number Barcode Date last seen Price effective from Koha item type
        Franklin Franklin General stacks 22/03/2026   QA76 LOC-FRL-00053 22/03/2026 22/03/2026 Books